Normal view
MARC view
- Urdu Literature
Entry Topical Term
001 - CONTROL NUMBER
- control field: 3565
003 - CONTROL NUMBER IDENTIFIER
- control field: NUST
005 - DATE AND TIME OF LATEST TRANSACTION
- control field: 20170725103122.0
008 - FIXED-LENGTH DATA ELEMENTS
- fixed length control field: 170725|| aca||aabn | a|a d
040 ## - CATALOGING SOURCE
- Original cataloging agency: NUST
- Transcribing agency: NUST
150 ## - HEADING--TOPICAL TERM
- Topical term or geographic name entry element: Urdu Literature
- Form subdivision: Poems
670 ## - SOURCE DATA FOUND
- Source citation: Work cat.: (NUST)0: Farāz, Aḥmad, 1931-2008. 2174, Bey awaz gali kochon mein /, 2006.
